Modelo de transporte de la carga entre ferrocarril y carretera.

সংরক্ষণ করুন:
গ্রন্থ-পঞ্জীর বিবরন
প্রধান লেখক: Medina Carrillo, Freiman
বিন্যাস: গ্রন্থ
প্রকাশিত: [San José , Costa Rica] 1987
বিষয়গুলি:
ট্যাগগুলো: ট্যাগ যুক্ত করুন
কোনো ট্যাগ নেই, প্রথমজন হিসাবে ট্যাগ করুন!

MARC

LEADER 00000nam a2200000Ia 4500
003 004401
005 20221231144350.0
008 140114s1987 cr a m 000 ||s d
040 |c cru CEDI 
090 |a TFG 2003 
100 |a Medina Carrillo, Freiman  |9 13917 
245 |a Modelo de transporte de la carga entre ferrocarril y carretera. 
260 |c 1987  |a [San José , Costa Rica] 
300 |a  71 hojas : ilustraciones ; 28 cm  
500 |a  Proyecto de graduacion (licenciatura en ingeniería civil)--Universidad de Costa Rica. Facultad de Ingeniería. Escuela de Ingeniería Civil 
650 |x FERROCARRILES -- CARGA  |x FLETES   |x TRANSPORTE DE CARGA  |9 13918 
942 |c TFG 
999 |c 20780  |d 20780